000 00377nab a2200133Ia 4500
003 ES-SlBCS
005 20210601125244.0
008 140529s1981 xxu||||| |||| 00| 0 eng d
041 _aeng
100 1 _aHeil, John
_9151485
245 0 0 _aSpeechless Brutes
_c John Heil
773 0 _tPhilosophy and Phenomenological Research
_gvol. 42, 1981, págs. 400-406
_wRev1411
942 _cAR
999 _c527328
_d527328